000 00617nam a2200181Ia 4500
008 090124s9999 xx 000 0 und d
082 _b20963
_a6415
100 _aआपटे हरि नारायण
245 _a पण लक्ष्यांत कोण घेतो
250 _a1
260 _c1967
300 _a114
600 _aआपटे हरि नारायण
630 _a पण लक्ष्यांत कोण घेतो
700 _aआपटे हरि नारायण
730 _a पण लक्ष्यांत कोण घेतो
942 _cBOOK
999 _c134763
_d134763